000 00949nam a2200289 i 4500
003 DO-SdBNP
005 20240426131513.0
007 ta
008 240426s2023 dr ac 000 0 spa d
020 _a9789945270228
040 _aDO-SdBNP
_bspa
_cBNPHU
_erda
082 _222
_bF723i
245 0 0 _aFormación integral humana y religiosa 1 :
_beducación básica. /
_cdirección editorial Anna Rogero Soler : ilustraciones Wi-Hen Fung
264 1 _aSanto Domingo, :
_bSM,
_c2023.
300 _a80 páginas
_bilustraciones, retratos
_c28 cm.
336 _2rdacontent
_atexto
_btxt
337 _2rdamedia
_asin mediación
_bn
338 _2rdacarrier
_avolumen
_bnc
490 1 _aSer y saber
_v1
500 _aEducación básica
504 _aBibliografía p: 80
590 _aInventariado, 2024/ YL
700 1 _aRogero Soler, Anna
_edirección
_930656
700 1 _aFung, Wi-Hen
_eilustraciones
_973248
910 _aYLockward
942 _2ddc
_cLBS1
999 _c56527
_d56527